| 000 | 00872nam a2200217 a 4500 | ||
|---|---|---|---|
| 001 | 000113947 | ||
| 003 | AM-YEHGA | ||
| 005 | 20250617122435.0 | ||
| 008 | 950417s1990 ||||||||||||||||||||rus d | ||
| 020 | _a5020141690 | ||
| 040 | _aAM-YeHGA | ||
| 100 | 1 | _aБелов, Константин Петрович. | |
| 245 | 1 | 0 |
_aМагнитотепловые явления в редкоземельных магнетиках / _cК.П. Белов. |
| 260 |
_aМосква : _bНаука, _c1990. |
||
| 300 |
_a95 с. : _bил. ; _c20 см. |
||
| 440 | 0 | _aПроблемы науки и технического прогресса | |
| 504 | _aБиблиогр.: с. 89-95 | ||
| 650 | 1 | 4 |
_aРедкоземельные элементы _xМагнитные свойства |
| 650 | 1 | 4 |
_aФерромагнетики _xМагнитная структура |
| 090 | _c37907 | ||
| 999 |
_c37343 _d37343 |
||